txt songs- sudden death - Statistics

General Stats
  • This quiz has been taken 411 times
  • The average score is 9 of 14
Answers on the Grid
Answers color-coded by a green-red scale on the quiz's grid according to % correct below.
A Boy Who Got Lost in the Middle of Gangnam Station at 2pm
9 and Three Quarters (Run Away)
Bite Me
Magic
Cat and Dog
Boy With Luv
Drama
I'll See You There Tomorrow
Ice Cream
Strategy
Not Like Us
Not For Sale
Dubaddu Wari Wari
Cry For Me
You are my Day and Night (Love Revolution OST)
Magnetic
Sweet Dream
Sticker
Eleven
LO$ER=LOVER
Orange Flower (You Complete me)
Crazy Form
Roller Coaster
Opening Sequence
Karma
Darari
Heaven
Danger
Fairy of Shampoo
No More Dream
 
Answer Stats
Answer % Correct
9 and Three Quarters (Run Away)
87%
Cat and Dog
85%
LO$ER=LOVER
83%
I'll See You There Tomorrow
81%
Magic
81%
Fairy of Shampoo
73%
Opening Sequence
70%
Heaven
65%
Dubaddu Wari Wari
62%
Ice Cream
62%
Drama
59%
Danger
57%
Roller Coaster
55%
Sweet Dream
20%
No matching quizzes found
Score Distribution
Percent of People with Each Score
Percentile by Number Answered
Your Score History
You have not taken this quiz